[Event "Osterfeld- Recklinghausen"]
[Site "?"]
[Date "2024.02.18"]
[Round "6.4"]
[White "Hessel, Malte"]
[Black "Parado, Dominador"]
[Result "0-1"]
[WhiteElo "1980"]
[BlackElo "1882"]
[PlyCount "64"]
[SourceDate "2024.03.03"]

1. d4 Nf6 2. Nf3 g6 3. Nc3 Bg7 4. e4 d6 5. Bf4 Nbd7 6. Qd2 h6 7. O-O-O c6 8. e5
Nh5 9. exd6 e6 10. Bc4 b5 11. Bb3 a5 12. a4 Nxf4 13. Qxf4 Ba6 14. Ne5 O-O 15.
Rhe1 Bf6 16. Kb1 Bxe5 17. dxe5 Kg7 18. h4 Rb8 19. h5 g5 20. Qe3 bxa4 21. Nxa4
Bb5 22. Nc5 a4 23. Nxa4 Qa5 24. Nc3 Ra8 25. Kc1 Rfb8 26. Nxb5 Rxb5 27. f4 Qb4
28. c4 Qxb3 29. cxb5 Ra1+ 30. Kd2 Qxb2+ 31. Kd3 Ra3+ 32. Ke4 Qxg2+ 0-1

[Event "Osterfeld- Recklinghausen"]
[Site "?"]
[Date "2024.02.18"]
[Round "6.5"]
[White "Balke, Heinrich"]
[Black "Fiori, Bruno"]
[Result "1/2-1/2"]
[WhiteElo "1828"]
[BlackElo "1831"]
[PlyCount "36"]
[SourceDate "2024.03.03"]

1. e4 c5 2. Nc3 a6 3. a4 Nc6 4. g3 d6 5. Bg2 g6 6. d3 Bg7 7. Nge2 Nf6 8. O-O
Bd7 9. f4 Qc8 10. Nd5 Nxd5 11. exd5 Nd8 12. Nc3 Bh3 13. Qe2 Bxg2 14. Kxg2 Qd7
15. Bd2 O-O 16. Rae1 e6 17. Qe4 Rb8 18. a5 b6 1/2-1/2

[Event "Osterfeld- Recklinghausen"]
[Site "?"]
[Date "2024.02.18"]
[Round "6.6"]
[White "Gebauer, Reinhard"]
[Black "Stahlhofen, Thomas"]
[Result "1-0"]
[WhiteElo "1792"]
[BlackElo "1803"]
[Annotator "daniel"]
[PlyCount "77"]
[SourceDate "2024.03.03"]

1. d4 d5 2. Bf4 Nf6 3. e3 e6 4. Bd3 c5 5. c3 Qb6 6. Qb3 Bd7 7. Qxb6 axb6 8. Nf3
c4 9. Bc2 b5 10. Nbd2 b4 11. O-O Nc6 12. Ne5 Nxe5 13. Bxe5 Be7 14. Bxf6 gxf6
15. e4 Bc6 16. exd5 Bxd5 17. Be4 Bxe4 18. Nxe4 f5 19. Nd2 b5 20. f4 Bd6 21. g3
Ke7 22. Kg2 Ra6 23. cxb4 Bxb4 24. Nb1 Rha8 25. a3 Bd6 26. Rc1 Kd7 27. Nc3 Kc6
28. Rab1 b4 29. axb4 Bxb4 30. Kh3 Rd8 31. Ne2 Kd5 32. b3 Rc8 33. bxc4+ Rxc4 34.
Rxc4 Kxc4 35. Rd1 Ra2 36. Ng1 Rf2 37. Ra1 Kxd4 38. Ra7 Bc5 39. Rxf7 {ZÃo} 1-0

[Event "Osterfeld- Recklinghausen"]
[Site "?"]
[Date "2024.02.18"]
[Round "6.7"]
[White "Hillebrand, Elmar"]
[Black "Bensch, Arnold"]
[Result "0-1"]
[WhiteElo "1780"]
[BlackElo "1737"]
[PlyCount "68"]
[SourceDate "2024.03.03"]

1. e4 c5 2. Nf3 d6 3. d4 cxd4 4. Nxd4 g6 5. Nc3 Bg7 6. Be3 Nf6 7. Be2 a6 8. Qd2
h5 9. h3 Qc7 10. O-O-O Nc6 11. f4 Nxd4 12. Bxd4 Be6 13. e5 dxe5 14. Bxe5 Qa5
15. Bf3 O-O 16. Bxb7 Rad8 17. Qe2 Nd5 18. Nxd5 Bxe5 19. Nxe7+ Kh7 20. Qxe5 Qxa2
21. b3 Qa3+ 22. Qb2 Qxe7 23. Bf3 Qb4 24. g3 Rb8 25. Rd4 Qc5 26. Rd3 a5 27. g4
h4 28. Qf6 Bxb3 29. Bd1 Ba2 30. Qxh4+ Kg7 31. Qg3 Rb1+ 32. Kd2 Bc4 33. Rd7 Qc6
34. Qc3+ Kg8 0-1

[Event "Osterfeld- Recklinghausen"]
[Site "?"]
[Date "2024.02.18"]
[Round "6.8"]
[White "Kyritsis, Christoph"]
[Black "Feldhaus, Tom"]
[Result "0-1"]
[WhiteElo "1608"]
[BlackElo "1738"]
[PlyCount "62"]
[SourceDate "2024.03.03"]

1. Nc3 e6 2. Nf3 d5 3. e4 d4 4. Ne2 c5 5. Ng3 a6 6. a4 Nc6 7. d3 Bd6 8. Be2
Nge7 9. Bd2 Qc7 10. Qc1 Ng6 11. Nh5 O-O 12. O-O f5 13. exf5 Rxf5 14. Ng3 Rf8
15. Ne4 Nf4 16. Qd1 Nxe2+ 17. Qxe2 Ne5 18. Nxe5 Bxe5 19. g3 Bd7 20. f4 Bf6 21.
Nxf6+ Rxf6 22. b3 Re8 23. Qe5 Qb6 24. a5 Qb5 25. Qc7 e5 26. Rae1 Bh3 27. Rf2
Rc6 28. Qxe5 Rxe5 29. Rxe5 Re6 30. Rfe2 Rxe5 31. Rxe5 Qc6 0-1

[Event "SV Bönen 2 - SF Katernberg 4"]
[Site "?"]
[Date "2024.02.18"]
[Round "6.1"]
[White "Hüttemann, Karl-Heinz"]
[Black "Medger, Gernot"]
[Result "1/2-1/2"]
[WhiteElo "1973"]
[BlackElo "1829"]
[PlyCount "38"]
[SourceDate "2024.03.03"]
[WhiteTeam "SF Katernberg 4"]
[BlackTeam "SV BÃ¶nen 2"]

1. c4 e5 2. Nc3 Nf6 3. Nf3 Nc6 4. e3 Bb4 5. Qc2 Bxc3 6. bxc3 O-O 7. d4 e4 8.
Nd2 Re8 9. Be2 d6 10. h3 a6 11. Rb1 b6 12. O-O Bf5 13. a4 Na5 14. Nb3 Nxb3 15.
Qxb3 Be6 16. a5 Nd7 17. Qa4 Qg5 18. f4 exf3 19. Bxf3 Rab8 1/2-1/2

[Event "SV Bönen 2 - SF Katernberg 4"]
[Site "?"]
[Date "2024.02.18"]
[Round "6.2"]
[White "Beulertz, Stefan"]
[Black "Riesenbeck, Jürgen"]
[Result "1/2-1/2"]
[WhiteElo "1931"]
[BlackElo "1938"]
[PlyCount "122"]
[SourceDate "2024.03.03"]
[WhiteTeam "SV BÃ¶nen 2"]
[BlackTeam "SF Katernberg 4"]

1. e4 e6 2. d3 d5 3. Qe2 Be7 4. Nf3 Nf6 5. g3 b6 6. Bg2 O-O 7. O-O Bb7 8. e5
Nfd7 9. h4 c5 10. Bf4 Nc6 11. Nbd2 b5 12. Rfe1 Qb6 13. Nf1 Rfe8 14. h5 f6 15.
Bh3 Ncxe5 16. N1h2 Nxf3+ 17. Nxf3 Nf8 18. Bxe6+ Nxe6 19. Qxe6+ Qxe6 20. Rxe6
Kf7 21. Rae1 Bf8 22. Rxe8 Rxe8 23. Rxe8 Kxe8 24. d4 c4 25. Ne1 Bc8 26. f3 Be6
27. g4 Kd7 28. Kf2 a5 29. Bd2 b4 30. Ke2 Kc6 31. Ng2 Kb5 32. b3 Bf7 33. f4 a4
34. Bc1 Be7 35. Ne3 axb3 36. axb3 g6 37. hxg6 Bxg6 38. Nxd5 Bxc2 39. bxc4+ Kxc4
40. Nxe7 Kxd4 41. Kf3 Bd1+ 42. Kg3 Kc3 43. Nd5+ Kc2 44. Be3 Kd3 45. Nxb4+ Kxe3
46. Nd5+ Kd4 47. Nxf6 Bc2 48. Kh4 Ke3 49. Nh5 Ke4 50. Kg5 Kd5 51. f5 Ke5 52.
Ng7 Bd1 53. Nh5 h6+ 54. Kh4 Bc2 55. Ng3 Kf6 56. Kh5 Kg7 57. Ne2 Bb3 58. Nd4
Bf7+ 59. Kh4 Kf6 60. Kg3 h5 61. gxh5 Bxh5 1/2-1/2

[Event "SV Bönen 2 - SF Katernberg 4"]
[Site "?"]
[Date "2024.02.18"]
[Round "6.3"]
[White "Schmitz, Edgar"]
[Black "Volling, Andreas"]
[Result "1-0"]
[WhiteElo "1877"]
[BlackElo "1783"]
[PlyCount "72"]
[SourceDate "2024.03.03"]
[WhiteTeam "SF Katernberg 4"]
[BlackTeam "SV BÃ¶nen 2"]

1. e4 e5 2. Nf3 Nf6 3. d4 Nxe4 4. Bd3 d5 5. Nxe5 Be7 6. O-O O-O 7. c4 c6 8. Nc3
Nxc3 9. bxc3 Bf6 10. f4 g6 11. Qf3 Nd7 12. Ba3 Nxe5 13. fxe5 Be7 14. Bxe7 Qxe7
15. cxd5 cxd5 16. Qxd5 Be6 17. Qa5 b6 18. Qb5 Rad8 19. Qb2 f6 20. exf6 Rxf6 21.
Rxf6 Qxf6 22. Rf1 Qg5 23. Qe2 Qd5 24. Re1 Bf7 25. Qb2 Qa5 26. a3 Rxd4 27. Bf1
Rf4 28. Qd2 Qc5+ 29. Kh1 Qf5 30. Bd3 Qf6 31. Qe2 Qxc3 32. h3 Qxa3 33. Qe5 Qb4
34. Rc1 Ba2 35. Rc8+ Kf7 36. Rc7+ Kf8 1-0

[Event "SV Bönen 2 - SF Katernberg 4"]
[Site "?"]
[Date "2024.02.18"]
[Round "6.4"]
[White "Budde, Uwe"]
[Black "Berresheim, Nils"]
[Result "1/2-1/2"]
[WhiteElo "1755"]
[BlackElo "1848"]
[PlyCount "27"]
[SourceDate "2024.03.03"]
[WhiteTeam "SV BÃ¶nen 2"]
[BlackTeam "SF Katernberg 4"]

1. e4 c5 2. Nf3 d6 3. d4 cxd4 4. Nxd4 Nf6 5. Nc3 a6 6. Bg5 e6 7. f4 Be7 8. Qf3
Qc7 9. Bd3 Nbd7 10. O-O-O b5 11. Rhe1 b4 12. Nd5 exd5 13. exd5 Bb7 14. Nf5
1/2-1/2

[Event "SV Bönen 2 - SF Katernberg 4"]
[Site "?"]
[Date "2024.02.18"]
[Round "6.5"]
[White "Beetz, Ole"]
[Black "Romstadt, Dirk"]
[Result "1/2-1/2"]
[WhiteElo "1676"]
[BlackElo "1707"]
[PlyCount "31"]
[SourceDate "2024.03.03"]
[WhiteTeam "SF Katernberg 4"]
[BlackTeam "SV BÃ¶nen 2"]

1. e4 d5 2. exd5 Nf6 3. Bb5+ Bd7 4. Bc4 Bg4 5. f3 Bc8 6. Nc3 Nbd7 7. d4 Nb6 8.
Bb5+ Bd7 9. Bf4 Nbxd5 10. Nxd5 Nxd5 11. Bxd7+ Qxd7 12. Be5 e6 13. Qe2 Bb4+ 14.
Kf2 O-O 15. Nh3 Ne7 16. Qe4 1/2-1/2

[Event "SV Bönen 2 - SF Katernberg 4"]
[Site "?"]
[Date "2024.02.18"]
[Round "6.6"]
[White "Zimmer, Sebastian"]
[Black "Gehrmann"]
[Result "0-1"]
[WhiteElo "1665"]
[BlackElo "1856"]
[PlyCount "28"]
[SourceDate "2024.03.03"]
[WhiteTeam "SV BÃ¶nen 2"]
[BlackTeam "SF Katernberg 4"]

1. e4 e5 2. Bc4 Nf6 3. Nf3 Nc6 4. Ng5 d5 5. exd5 Nd4 6. d6 Qxd6 7. Bxf7+ Ke7 8.
Bc4 Qc6 9. b3 Qxg2 10. Ba3+ Ke8 11. Rf1 Qxg5 12. c3 Bg4 13. Rg1 Qf5 14. Qc1
Qe4+ 0-1

[Event "SV Bönen 2 - SF Katernberg 4"]
[Site "?"]
[Date "2024.02.18"]
[Round "6.7"]
[White "Zell, Stefan"]
[Black "Leisen, Peter"]
[Result "1-0"]
[WhiteElo "1644"]
[BlackElo "1722"]
[PlyCount "71"]
[SourceDate "2024.03.03"]
[WhiteTeam "SF Katernberg 4"]
[BlackTeam "SV BÃ¶nen 2"]

1. c4 e5 2. Nc3 d6 3. e4 Nf6 4. d3 Nc6 5. Nge2 Be7 6. h3 h5 7. Be3 Be6 8. Qd2
Qd7 9. O-O-O O-O-O 10. f4 g6 11. g3 Kb8 12. Bg2 Rc8 13. Kb1 Bf8 14. b3 Bg7 15.
d4 exd4 16. Nxd4 Nd8 17. Ndb5 b6 18. Nd4 Re8 19. Rdf1 Ng8 20. Nce2 Ne7 21. Nxe6
Qxe6 22. Bd4 Bxd4 23. Nxd4 Qd7 24. Re1 Ne6 25. e5 Nxd4 26. Qxd4 Nf5 27. Qd3
Rcd8 28. Qf3 c6 29. Qxc6 Qxc6 30. Bxc6 Re7 31. g4 Nd4 32. Bd5 dxe5 33. fxe5 Kc7
34. Rhf1 Rdd7 35. Re4 hxg4 36. Rxd4 1-0

[Event "SV Bönen 2 - SF Katernberg 4"]
[Site "?"]
[Date "2024.02.18"]
[Round "6.8"]
[White "Rudlof, Jürgen"]
[Black "Lüersen, Lukas"]
[Result "0-1"]
[WhiteElo "1696"]
[BlackElo "1742"]
[PlyCount "48"]
[SourceDate "2024.03.03"]
[WhiteTeam "SV BÃ¶nen 2"]
[BlackTeam "SF Katernberg 4"]

1. e4 e6 2. d4 d5 3. exd5 exd5 4. Bd3 Nc6 5. c3 Bd6 6. Ne2 Nge7 7. O-O Bf5 8.
Ng3 Bxd3 9. Qxd3 Qd7 10. Re1 O-O-O 11. b4 Rde8 12. Bd2 h5 13. a4 h4 14. Nf1 Ng6
15. Na3 Bf4 16. Qf3 Bxd2 17. Nxd2 Nd8 18. Nb3 Rxe1+ 19. Rxe1 Qxa4 20. Qxd5 Qxa3
21. h3 Kb8 22. Qc4 Qa4 23. d5 Re8 24. Ra1 Ne5 0-1

[Event "Hansa Dortmund- Mülheim"]
[Site "?"]
[Date "2024.02.18"]
[Round "6.1"]
[White "Langschmidt, Dirk"]
[Black "Klyuner, Vyacheslav"]
[Result "0-1"]
[WhiteElo "2008"]
[BlackElo "2396"]
[PlyCount "66"]
[SourceDate "2024.03.03"]

1. e4 d6 2. d4 Nf6 3. Nc3 e5 4. dxe5 dxe5 5. Qxd8+ Kxd8 6. Bc4 Be6 7. Bxe6 fxe6
8. Bg5 Bd6 9. O-O-O h6 10. Bxf6+ gxf6 11. Nb5 Ke7 12. Nxd6 cxd6 13. Ne2 Nc6 14.
Rd3 Rad8 15. Rb3 Rd7 16. Rg3 Kf7 17. Rd1 h5 18. c4 h4 19. Rgd3 Rg8 20. g3 Ke7
21. Kb1 Rdd8 22. a3 hxg3 23. hxg3 Rh8 24. b4 Rh2 25. Rf1 a5 26. b5 Nb8 27. g4
Nd7 28. Ng3 Nb6 29. Nh5 Nxc4 30. Rc1 d5 31. Rc2 Rg8 32. Ka2 Rxg4 33. Ng3 Rf4
0-1

[Event "Hansa Dortmund- Mülheim"]
[Site "?"]
[Date "2024.02.18"]
[Round "6.2"]
[White "Zelt, Jens"]
[Black "Straenger, Petra"]
[Result "1-0"]
[WhiteElo "1991"]
[BlackElo "1826"]
[PlyCount "101"]
[SourceDate "2024.03.03"]

1. d4 d5 2. Nf3 Nf6 3. Bf4 c6 4. c3 Bf5 5. Nbd2 Nbd7 6. Qb3 Qb6 7. h3 h6 8. e3
e6 9. Be2 Be7 10. O-O O-O 11. Rfc1 Ne4 12. c4 Qxb3 13. Nxb3 Bd6 14. Bxd6 Nxd6
15. c5 Ne4 16. Na5 Rab8 17. b4 Rfc8 18. b5 Ng5 19. Nxg5 hxg5 20. Rc3 e5 21.
Rac1 exd4 22. exd4 Nf8 23. Bf1 Ne6 24. Rd1 Nd8 25. Re3 Ne6 26. Rd2 Kf8 27. Rb3
Nd8 28. Rdb2 Bd7 29. a4 Be8 30. Rb4 Bd7 31. Be2 f5 32. g3 Be8 33. Kg2 Ke7 34.
Bf3 Kf6 35. Kf1 Bd7 36. Ke2 Be8 37. Kd2 Bd7 38. Kc3 Be8 39. bxc6 Nxc6 40. Rxb7
Rxb7 41. Nxb7 Rc7 42. Nd6 Bd7 43. Bxd5 Ne7 44. Bb3 Rc6 45. Ra2 Ng6 46. a5 Rc7
47. Bc2 Ne7 48. Rb2 Nd5+ 49. Kc4 Ne7 50. d5 Ke5 51. Bd3 1-0

[Event "Hansa Dortmund- Mülheim"]
[Site "?"]
[Date "2024.02.18"]
[Round "6.3"]
[White "Otto, Michael"]
[Black "Dawid, Adalbert"]
[Result "0-1"]
[WhiteElo "1798"]
[BlackElo "1940"]
[PlyCount "74"]
[SourceDate "2024.03.03"]

1. e4 e6 2. d4 d5 3. Bd3 c5 4. exd5 Qxd5 5. Nc3 Qd8 6. dxc5 Bxc5 7. Qg4 Nf6 8.
Qc4 Nbd7 9. Bg5 Qb6 10. Nf3 Bxf2+ 11. Ke2 Bc5 12. a3 Be7 13. Nb5 Nd5 14. Bxe7
Kxe7 15. Qh4+ N7f6 16. Rhe1 Bd7 17. Nbd4 Kf8 18. Kf1 Qd6 19. Ne5 h6 20. c4 Ne7
21. c5 Qc7 22. b4 g5 23. Qf2 Kg7 24. Nb5 Bxb5 25. Bxb5 Ned5 26. Kg1 Nf4 27. Kh1
a6 28. Ba4 Rhd8 29. c6 b5 30. Bb3 Nd3 31. Nxd3 Rxd3 32. Bd1 Rad8 33. Rf1 Ne4
34. Qb2+ R8d4 35. Bc2 Rd2 36. Rac1 Qxc6 37. Bxe4 Qxe4 0-1

[Event "Hansa Dortmund- Mülheim"]
[Site "?"]
[Date "2024.02.18"]
[Round "6.4"]
[White "Krueger, Simon"]
[Black "Kucki, Hermann"]
[Result "1/2-1/2"]
[WhiteElo "1963"]
[BlackElo "1723"]
[PlyCount "83"]
[SourceDate "2024.03.03"]

1. e4 c5 2. Nf3 Nc6 3. Bb5 Qb6 4. Nc3 a6 5. Be2 e6 6. O-O Nf6 7. Re1 Bd6 8. Bf1
Ne5 9. d3 Nxf3+ 10. Qxf3 Be5 11. Nd1 Qa5 12. c3 O-O 13. Ne3 b5 14. Ng4 Nxg4 15.
Qxg4 g6 16. Bg5 Qc7 17. f4 Bg7 18. f5 exf5 19. exf5 d5 20. Qf3 Bxf5 21. Qxd5
Rae8 22. Bh4 Rxe1 23. Rxe1 Be6 24. Bg3 Qxg3 25. Rxe6 Qf2+ 26. Kxf2 fxe6+ 27.
Qf3 Rxf3+ 28. Kxf3 Kf7 29. Ke4 Ke7 30. d4 Kd6 31. Be2 Bf6 32. h3 Bg7 33. a4 Kc6
34. Bg4 cxd4 35. axb5+ axb5 36. cxd4 Kd6 37. b4 Bf6 38. Be2 Kc6 39. Bg4 Kd6 40.
Bf3 Bg7 41. h4 Bh6 42. Be2 1/2-1/2

[Event "Hansa Dortmund- Mülheim"]
[Site "?"]
[Date "2024.02.18"]
[Round "6.5"]
[White "Brockmann, Michael"]
[Black "Linker, Walter"]
[Result "0-1"]
[WhiteElo "1880"]
[BlackElo "1962"]
[PlyCount "54"]
[SourceDate "2024.03.03"]

1. d4 Nf6 2. Nf3 e6 3. e3 b6 4. c3 Bb7 5. Bd3 d5 6. O-O Bd6 7. Nbd2 Ne4 8. Ne1
O-O 9. Qh5 f5 10. f4 Nd7 11. c4 Ndf6 12. Qh3 c5 13. dxc5 Nxc5 14. Be2 Nfe4 15.
Nxe4 Nxe4 16. g4 Rc8 17. b3 Qf6 18. Rb1 Nc3 19. Rb2 Nxe2+ 20. Rxe2 dxc4 21.
gxf5 exf5 22. bxc4 Rxc4 23. Bb2 Qe7 24. Rc2 Re4 25. Kf2 Bc5 26. Ng2 Re6 27. Nh4
Rxe3 0-1

[Event "Hansa Dortmund- Mülheim"]
[Site "?"]
[Date "2024.02.18"]
[Round "6.6"]
[White "Velli, Filippo"]
[Black "Wisotzky, Klaus"]
[Result "1-0"]
[WhiteElo "2239"]
[BlackElo "1552"]
[PlyCount "69"]
[SourceDate "2024.03.03"]

1. d4 d5 2. c4 dxc4 3. e3 e6 4. Nc3 Nf6 5. Bxc4 c5 6. Nf3 a6 7. O-O Be7 8. Qe2
Nc6 9. Rd1 Qc7 10. d5 exd5 11. Bxd5 O-O 12. h3 Be6 13. Bxe6 fxe6 14. Ng5 Qc8
15. Qc4 Nd5 16. Nxe6 Qxe6 17. Nxd5 Qf7 18. Nxe7+ Nxe7 19. Qxf7+ Rxf7 20. e4 b5
21. a4 Re8 22. axb5 axb5 23. Ra5 Rb8 24. Rd6 Ng6 25. Rd5 Rc7 26. Be3 c4 27.
Raxb5 Rxb5 28. Rxb5 c3 29. bxc3 Rxc3 30. Rb7 Rc4 31. f3 Nh4 32. Bf2 Ng6 33. Bg3
h5 34. h4 Ra4 35. Rb5 1-0

[Event "Hansa Dortmund- Mülheim"]
[Site "?"]
[Date "2024.02.18"]
[Round "6.7"]
[White "Meyer, Friedel"]
[Black "Wolffgang, Georg"]
[Result "0-1"]
[WhiteElo "1532"]
[BlackElo "1860"]
[PlyCount "72"]
[SourceDate "2024.03.03"]

1. e4 c6 2. d4 d5 3. exd5 cxd5 4. Nf3 Nc6 5. h3 Nf6 6. Bd3 g6 7. c3 Bf5 8. Be3
e6 9. Bxf5 gxf5 10. Qb3 Qc7 11. Nbd2 Bd6 12. Bg5 Ne4 13. Nxe4 fxe4 14. Bf6 Rg8
15. Nh4 Rb8 16. c4 Qa5+ 17. Kd1 Bf4 18. Qc3 h6 19. Qxa5 Nxa5 20. cxd5 Bg5 21.
Be5 Rd8 22. g3 Rxd5 23. Ng2 Nc6 24. h4 Nxe5 25. hxg5 Rxd4+ 26. Ke2 hxg5 27.
Rac1 Rc4 28. Ne3 Rxc1 29. Rxc1 Kd7 30. Nc2 Rc8 31. Rd1+ Ke7 32. Nd4 f5 33. Rd2
Rd8 34. Nb5 Rxd2+ 35. Kxd2 a6 36. Nc3 Kd6 0-1

[Event "Hansa Dortmund- Mülheim"]
[Site "?"]
[Date "2024.02.18"]
[Round "6.8"]
[White "Baessler, Michael"]
[Black "Pigors, Juergen"]
[Result "1/2-1/2"]
[WhiteElo "1342"]
[BlackElo "1409"]
[PlyCount "119"]
[SourceDate "2024.03.03"]

1. d4 Nf6 2. Nf3 g6 3. c4 Bg7 4. Bf4 O-O 5. Qd2 d6 6. Bh6 Nbd7 7. Bxg7 Kxg7 8.
Nc3 c5 9. O-O-O a6 10. dxc5 Nxc5 11. e4 Ncxe4 12. Nxe4 Nxe4 13. Qd4+ Nf6 14. h4
h5 15. Be2 Bf5 16. Ne1 Qa5 17. a3 Rac8 18. Bd3 Qc5 19. Qxc5 Rxc5 20. Bxf5 Rxf5
21. f3 Rc5 22. Nd3 Rxc4+ 23. Kd2 Rfc8 24. Rc1 Rxc1 25. Nxc1 e5 26. Nb3 b6 27.
Kd3 d5 28. Nd2 Nd7 29. b4 f5 30. Re1 Kf6 31. Rg1 d4 32. Rf1 Rc3+ 33. Ke2 Rxa3
34. g4 Re3+ 35. Kd1 Ra3 36. Ke2 a5 37. Rc1 Rc3 38. g5+ Ke6 39. Ra1 axb4 40. Rb1
Rc2 41. Rxb4 Rc1 42. f4 e4 43. Rxd4 Rh1 44. Rc4 Rxh4 45. Rc6+ Kf7 46. Rc7 Ke7
47. Rc6 Nf8 48. Ke3 Ne6 49. Rxb6 Rxf4 50. Rxe6+ Kxe6 51. Kxf4 Kd5 52. Nf1 Kd4
53. Ne3 h4 54. Nxf5+ gxf5 55. g6 e3 56. g7 e2 57. g8=Q e1=Q 58. Qd8+ Kc4 59.
Qc7+ Kd3 60. Qd6+ 1/2-1/2

[Event "Unser Fritz- Wattenscheid 3"]
[Site "?"]
[Date "2024.02.18"]
[Round "6.1"]
[White "Thelen, Thomas"]
[Black "Rutz, Dirk"]
[Result "1-0"]
[WhiteElo "1988"]
[BlackElo "1992"]
[PlyCount "57"]
[SourceDate "2024.03.03"]

1. d4 Nf6 2. c4 g6 3. Nc3 Bg7 4. e4 d6 5. f3 O-O 6. Bg5 c5 7. d5 e6 8. Qd2 exd5
9. cxd5 a6 10. a4 Qa5 11. Ra3 Re8 12. Nge2 Nbd7 13. Ng3 Qb4 14. Be2 Rb8 15. O-O
b5 16. axb5 axb5 17. Ra7 Ne5 18. f4 Nc4 19. Bxc4 bxc4 20. e5 Nd7 21. e6 fxe6
22. dxe6 Rxe6 23. f5 Bd4+ 24. Kh1 Re8 25. fxg6 Qxb2 26. Qf4 Rf8 27. Qf7+ Rxf7
28. gxf7+ Kf8 29. Bh6+ 1-0

[Event "Unser Fritz- Wattenscheid 3"]
[Site "?"]
[Date "2024.02.18"]
[Round "6.3"]
[White "Meyer, Juergen"]
[Black "Mueller, Martin"]
[Result "1/2-1/2"]
[WhiteElo "1899"]
[BlackElo "2018"]
[PlyCount "91"]
[SourceDate "2024.03.03"]

1. e4 d6 2. d4 Nf6 3. Nc3 e5 4. Nge2 Nbd7 5. g3 c6 6. a4 a5 7. Bg2 Be7 8. O-O
exd4 9. Nxd4 Nc5 10. h3 O-O 11. Be3 Re8 12. Qd2 Bf8 13. Bg5 h6 14. Bxf6 Qxf6
15. Rae1 Qg5 16. Re3 Qd8 17. f4 Ne6 18. Nxe6 Rxe6 19. Kh2 Qb6 20. b3 Bd7 21.
Rd3 Rd8 22. g4 Bc8 23. Rd1 Qc5 24. e5 d5 25. Ne4 Qb4 26. Qf2 Rde8 27. Ng3 f6
28. exf6 Rxf6 29. f5 Qc5 30. Qd2 Qb4 31. c3 Qxb3 32. Rxd5 Qxa4 33. Rd4 Qb5 34.
Qa2+ Kh8 35. Ne4 Be7 36. Nxf6 Bxf6 37. Qf7 Qe2 38. R4d3 b6 39. R3d2 Qe3 40.
Bxc6 Be5+ 41. Kg2 Qg3+ 42. Kf1 Ba6+ 43. c4 Qf4+ 44. Kg2 Qg3+ 45. Kf1 Qf4+ 46.
Kg2 1/2-1/2

[Event "Unser Fritz- Wattenscheid 3"]
[Site "?"]
[Date "2024.02.18"]
[Round "6.4"]
[White "Nowicki, Heiko"]
[Black "Kraus, Tanja"]
[Result "1/2-1/2"]
[WhiteElo "1834"]
[BlackElo "1701"]
[PlyCount "26"]
[SourceDate "2024.03.03"]

1. e4 c5 2. d3 e5 3. Nf3 d6 4. Nbd2 Be7 5. g3 Be6 6. Bg2 Qd7 7. h3 Nc6 8. c3 f5
9. Qe2 Nf6 10. Ng5 O-O 11. Nxe6 Qxe6 12. exf5 Qxf5 13. Ne4 Rad8 1/2-1/2

[Event "Unser Fritz- Wattenscheid 3"]
[Site "?"]
[Date "2024.02.18"]
[Round "6.6"]
[White "Kotulla, Guenther"]
[Black "Distelrath, Oliver"]
[Result "0-1"]
[WhiteElo "1671"]
[BlackElo "1837"]
[PlyCount "96"]
[SourceDate "2024.03.03"]

1. e4 d6 2. d4 Nf6 3. Nc3 e5 4. dxe5 dxe5 5. Qxd8+ Kxd8 6. Bc4 Be6 7. Bxe6 fxe6
8. Bg5 Bd6 9. O-O-O Nbd7 10. Nf3 Ke7 11. Bh4 h6 12. Rhe1 g5 13. Bg3 a6 14. h3
Rag8 15. Nd2 Nh5 16. Nc4 Nf4 17. Rg1 h5 18. h4 g4 19. Nxd6 cxd6 20. Rd2 Rc8 21.
Rgd1 Rc6 22. f3 Rg8 23. Be1 gxf3 24. gxf3 Nb6 25. Rh2 Nc4 26. Bf2 b5 27. Rg1
Rgc8 28. Rg7+ Kf6 29. Rh7 b4 30. Na4 a5 31. Bg1 Rg8 32. Ba7 Ra6 33. Bf2 Rc6 34.
Ba7 Rg3 35. b3 Na3 36. Nb2 Rxf3 37. Nc4 Nxc4 38. bxc4 Rxc4 39. Rd2 d5 40. exd5
exd5 41. Kb2 a4 42. Bf2 a3+ 43. Kb1 Rh3 44. Rd1 Ne2 45. Rf1 Kg6 46. Rh8 Rf4 47.
Rg8+ Kf7 48. Rg2 Rhf3 0-1

[Event "Unser Fritz- Wattenscheid 3"]
[Site "?"]
[Date "2024.02.18"]
[Round "6.7"]
[White "Thon, Manfred"]
[Black "Goessling, Juergen"]
[Result "1/2-1/2"]
[WhiteElo "1820"]
[BlackElo "1721"]
[PlyCount "78"]
[SourceDate "2024.03.03"]

1. d4 c5 2. d5 g6 3. c4 Bg7 4. Nc3 Bxc3+ 5. bxc3 f5 6. Nf3 Qa5 7. Qc2 d6 8. e3
Nf6 9. Bd3 Nbd7 10. O-O Ng4 11. e4 Nde5 12. Nxe5 Nxe5 13. Re1 Qc7 14. exf5 Nxd3
15. Qxd3 Bxf5 16. Qe2 Kf7 17. g4 Bc8 18. Bg5 Re8 19. Qf3+ Kg8 20. Re3 e5 21.
dxe6 Bxe6 22. Rae1 Qf7 23. Qxf7+ Kxf7 24. Rd1 h6 25. Bxh6 Bxc4 26. Rxd6 Rxe3
27. Bxe3 Bxa2 28. Bxc5 Be6 29. Rd4 Kf6 30. f3 b6 31. Bd6 a5 32. h4 a4 33. g5+
Kg7 34. Ba3 b5 35. Kf2 Rc8 36. Bb4 a3 37. Bxa3 Rxc3 38. Bb2 Rb3 39. Rb4+ Kf7
1/2-1/2